000 00500nam a22002177a 4500
003 UA-OsUOA
001 67023
007 ta
008 20100209b un ||||| |||| 00| 0 ukr d
100 _aРуй О.
090 _a908
_bР83
942 _cSA
040 _aUA-OsUOA
_bukr
_cUA-OsUOA
_dUA-OsUOA
245 _aНаше місто Отрог 1930-х років
300 _aС.5
955 _a0
041 _aukr
080 _a908
773 0 _w67022
650 7 _a908 Краєзнавство
_2UDC
999 _c353309
_d353309